| 000 | 00706nam a2200241 4500 | ||
|---|---|---|---|
| 003 | OSt | ||
| 005 | 20240726063526.0 | ||
| 006 | a | ||
| 008 | 240726b |||||||| |||| 00| 0 eng d | ||
| 020 | _a978047056833 | ||
| 040 |
_aDWCL-Main lib. _cOC |
||
| 082 | _aCirc. 005.265 H325t 2010 | ||
| 100 | _aHart-Davis, Guy | ||
| 245 | _aTeach yourself visually iMac / | ||
| 260 |
_aIndianapolis, Ind. : _bWiley Pub. , Inc. , _cc2010. |
||
| 300 |
_a354p. : _bill. (some col.) ; _c23 cm. |
||
| 504 | _aIncludes index. | ||
| 650 | _a1. Mac OS. | ||
| 650 | _a2. Operating systems(computers). | ||
| 650 | _a3. Macintosh ( computer)-Programming. | ||
| 650 | _a4. Web Servers. | ||
| 942 |
_2ddc _n0 _cBK-CIRC _kCirc. |
||
| 999 |
_c2813 _d2813 |
||